| 000 | 00908nam a2200265 i 4500 | ||
|---|---|---|---|
| 001 | bg | ||
| 003 | KOSZ 005 | ||
| 005 | 20191016111604.0 | ||
| 008 | 071022s1968 pl a f f 000 0 pol | ||
| 015 | _aPB 1968/7473 | ||
| 040 |
_aWA N _cKOSZ 005/RW _dKOSZ 005/RW |
||
| 080 | _a621.74(075) | ||
| 100 | 1 | _aData, Leszek. | |
| 245 | 1 | 0 |
_aTechnologia odlewnictwa. _nCz. 1 / _cLeszek Data. |
| 260 |
_aWarszawa : _bPaństwowe Wydawnictwo Szkolnictwa Zawodowego, _c1968. |
||
| 300 |
_a257, [2] s. : _bil. ; _c23 cm. |
||
| 380 | _aKsiążki. | ||
| 504 | _aBibliogr. s. [259]. | ||
| 521 | 8 | _aDla kl. 1 zsz. | |
| 655 | 4 | _aPodręczniki dla szkół zawodowych | |
| 650 | 4 | _aOdlewnictwo | |
| 710 | 2 |
_aPaństwowe Wydawnictwo Szkolnictwa Zawodowego _4pbl. |
|
| 856 |
_uhttp://koha.tu.koszalin.pl/cgi-bin/koha/opac-detail.pl?biblionumber=11530 _yKatalog online BPK |
||
| 942 |
_2UKD _cKS |
||
| 999 |
_c11530 _d11530 |
||